|
|
|
|
| LEADER |
02171cas a2200241 a 4500 |
| 001 |
AALejournalIMF008667 |
| 008 |
230101c9999 xx r poo 0 0eng d |
| 020 |
|
|
|c 5.00 USD
|
| 020 |
|
|
|z 9781451858907
|
| 022 |
|
|
|a 1018-5941
|
| 040 |
|
|
|a BD-DhAAL
|c BD-DhAAL
|
| 100 |
1 |
|
|a Mody, Ashoka.
|
| 245 |
1 |
0 |
|a What is An Emerging Market? /
|c Ashoka Mody.
|
| 264 |
|
1 |
|a Washington, D.C. :
|b International Monetary Fund,
|c 2004.
|
| 300 |
|
|
|a 1 online resource (24 pages)
|
| 490 |
1 |
|
|a IMF Working Papers
|
| 500 |
|
|
|a <strong>Off-Campus Access:</strong> No User ID or Password Required
|
| 500 |
|
|
|a <strong>On-Campus Access:</strong> No User ID or Password Required
|
| 506 |
|
|
|a Electronic access restricted to authorized BRAC University faculty, staff and students
|
| 520 |
3 |
|
|a As developing economies become richer, they seek to contract with the global economy in increasingly complex ways. Dealing with that complexity often implies the need to renegotiate contracts. However, such recontracting is viewed with concern, particularly by market participants. At the same time, iron-clad commitments to abstain from recontracting are untenable. Sovereign debt experts have long dealt with this dilemma. This paper argues that the acute trade-off between commitment and flexibility is not unique to sovereign debt. Instead, it is the defining characteristic of an emerging market. Examples of World Bank guarantees on behalf of sovereign governments to private lenders, exchange rate regimes, and international bond contracts, highlight the evolution from commitment to flexibility. Early interaction with international markets typically benefits from strong transaction-specific commitment. However, the goal is to grow out of transactional commitments to achieve commitment through credible institutions. Institutional commitment allows the benefits of flexibility, with the country's "word" acting as the necessary assurance to behave responsibly.
|
| 538 |
|
|
|a Mode of access: Internet
|
| 830 |
|
0 |
|a IMF Working Papers; Working Paper ;
|v No. 2004/177
|
| 856 |
4 |
0 |
|z Full text available on IMF
|u http://elibrary.imf.org/view/journals/001/2004/177/001.2004.issue-177-en.xml
|z IMF e-Library
|